000 00468nam a2200169 a 4500
001 35966
005 20180714004421.0
008 140415s1985 000 0 spa d
020 _a8475830331
041 _aspa
082 _a155
_bJOH
100 1 _aJohnson, Spencer,.
245 1 0 _aGUIA DEL PADRE :
_bAPROVECHA CADA MINUTO QUE DEDICAS A TU HIJO
260 _a[s.l.] :
_bORBIS,
_c1985
300 _a112
650 1 4 _aPSICOLOGIA
_xPSICOLOGIA INFANTIL
999 _c35966
_d35966